000 00874cgm a2200265 4500
001 B3199
008 090401t1989 xxu||||| |||| 00| 0 eng d
035 _a(Sirsi) u54669
041 _aeng
050 _a658.404
100 _aGraves, Frances
245 _aProject Management (sound recording)
260 _aLondon
_bRoyal Institution of Chartered Surveyors
_c1989
300 _a1 sound cassette (60 min.)
350 _a10
490 _aOwlion Audio Programme
520 _aPublished jointly with the College of Estate Management . Identifies and defines some of the key aspects of the system and discusses pertinent questions about this form of management control.
650 _aAUDIO CASSETTES
700 _aMacpherson, Ian
700 _aParnell, Lawrence
700 _aPaterson, John
700 _aWaterhouse, Roger
942 _n0
948 _c04/03/1997
999 _c85290
_d85290